Statistics for Towns with Highland Games

Click here to take the quiz!

General Stats

  • This quiz has been taken 11 times
  • The average score is 17 of 51

Answer Stats

Location% Correct
Aberdeen
88%
Inverness
88%
Perth
88%
Oban
75%
Stirling
75%
Ballater
50%
Braemar
50%
Bridge of Allan
50%
Dunoon
50%
Forres
50%
Gourock
50%
Helensburgh
50%
Luss
50%
Pitlochry
50%
Rothesay
50%
Stonehaven
50%
Blair Atholl
38%
Inveraray
38%
Lochearnhead
38%
Portree
38%
Aboyne
25%
Alva
25%
Blairgowrie
25%
Crieff
25%
Cupar
25%
Dufftown
25%
Durness
25%
Glenurquhart
25%
Helmsdale
25%
Kenmore
25%
Lochcarron
25%
North Berwick
25%
Rosneath
25%
St Andrews
25%
Strathmore
25%
Tomintoul
25%
Aberfeldy
13%
Aberlour
13%
Ardrossan
13%
Blackford
13%
Burntisland
13%
Carmunnock
13%
Ceres
13%
Drumtochty
13%
Glenisla
13%
Gordon Castle
13%
Halkirk
13%
Lochinver
13%
Lonach
13%
Abernethy
0%
Kirkmichael
0%

Score Distribution

Percentile by Number Answered

Percent of People with Each Score

Your Score History

You have not taken this quiz